00370nam a22001097a 4500082002900000100003000029245008900059260004700148300002000195526003700215650000800252 a629.13bPROcL-37, P-183 aC. A. E & R. A. S Pak Div aProceedings of seventh national aeronautical conference PAF Academy, Risalpur Vol II aRisalpur:bC. A. E & R. A. S Pak Divc1995 av, 728p,;c24cm a0b0c0d629_130000000000000_PRO aMCE